Széchenyi István gróf és Lonovics József barátsága

Elmentve itt :
Bibliográfiai részletek
Szerző: Zakar Péter
Dokumentumtípus: Cikk
Megjelent: 2013
Sorozat:Aetas 28 No. 2
Kulcsszavak:Széchenyi István, Lonovics József, Magyarország történelme
Online Access:http://acta.bibl.u-szeged.hu/31049
LEADER 00643nab a2200181 i 4500
001 acta31049
005 20210422143755.0
008 161017s2013 hu o 0|| hun d
022 |a 0237-7934 
040 |a SZTE Egyetemi Kiadványok Repozitórium  |b hun 
041 |a hun 
100 1 |a Zakar Péter 
245 1 0 |a Széchenyi István gróf és Lonovics József barátsága  |h [elektronikus dokumentum] /  |c  Zakar Péter 
260 |c 2013 
300 |a 90-106 
490 0 |a Aetas  |v 28 No. 2 
695 |a Széchenyi István, Lonovics József, Magyarország történelme 
856 4 0 |u http://acta.bibl.u-szeged.hu/31049/1/aetas_2013_002_090-106.pdf  |z Dokumentum-elérés